Quiz wiedzy ogólnej #8 - Statystyki

Ogólne statystyki
  • Ten quiz został rozwiązany 3 272 razy
  • Średni wynik to 6 z 18
Statystyki odpowiedzi
Pytanie Odpowiedź % Poprawnych
Jaka rzeka przepływa przez Paryż? Sekwana
83%
Oprócz Meksyku i Kanady, jaki kraj leży najbliżej Stanów Zjednoczonych? Rosja
63%
Jak nazywa się największy stadion w Wielkiej Brytanii? Wembley
63%
Ile wynosi silnia liczby 6? 720
58%
Co jest "piętą Achillesa" Supermana? Kryptonit
45%
Jak nazywała się dawna waluta Włoch (przed euro)? Lir
42%
Jakie jest polskie tłumaczenie łacińskiego słowa "Rex"? Król
39%
Jaki rozmiar kubka w Starbucks, większy niż grande, jest również włoskim tłumaczeniem liczby dwadzieścia? Venti
36%
Kto jest mężem Posh Spice? David Beckham
31%
Na jaki toksyczny pierwiastek narażeni byli kiedyś kapelusznicy, który powodował u niektórych z nich "szaleństwo"? Rtęć
25%
Jaki słynny paryski teatr kabaretowy ma nazwę, która oznacza "Czerwony Młyn"? Moulin Rouge
24%
Co daje dzieciom mityczny Piaskun? Dobre sny
15%
Jaki zawód wykonuje w USA osoba, która podpisuje się tytułem "esquire"? Prawnik
15%
W którym roku rozpoczęła się gorączka złota w Kalifornii? 1848
10%
Do wydania jakiego słynnego dokumentu został zmuszony król Jan? Magna Charta
10%
Wymowa jakiej gwiazdy w języku angielskim brzmi jak "sok z chrząszcza"? Betelgeza
9%
Gdzie dotrzesz jeśli podążysz żółtą ceglaną drogą? Do {szmaragdowego} miasta
6%
Jaki autor w ruchu beatników napisał nowelę "W drodze"? Jack Kerouac
5%
Nie znaleziono quizów pasujących do podanych kryteriów
Rozkład punktacji
Procent ludzi z każdym wynikiem
Percentyl według liczby udzielonych odpowiedzi
Twoja historia wyników
Nie rozwiązałeś tego quizu